LEADER 01393nam a2200325 a 4500 001 000000127646 003 CaOOAMICUS 005 20150603122607.0 008 120215s2011 it 000 u ita r 020 $a978-88-7180-719-5 040 $aPUL$bita 082 04$a174 245 00$aBioetica come storia :$bcome cambia il modo di affrontare le questioni bioetiche nel tempo /$ca cura di Lucetta Scaraffia. 260 $aTorino :$bLindau,$c©2011. 300 $a243 p.$c21 cm 490 1 $aI leoni 504 $aBibliografia in nota. 650 4$aBioetica.$0(OLS)http://pul/subject/2868 700 1 $aScaraffia, Lucetta,$d1948-$0(OLS)http://pul/name/13910 830 0$aLeoni.$0(OLS)http://pul/title/136940 850 $aPUL 852 $aPUL$W1$xSL Filosofia 3$y81$m174 SCALU 2$j147711$qDDC 21$B146316$CPULBib$Z2$F146316 $H118795 $82 852 $aPUL$W1$xDP1 Fondo S. Lanza$y121$m2 A 98$j156039$qFondi $B166230$CPULBib$Z2$F166230 $HLAN1764 $82 941 1 $a9 941 1 $a1 996 $6020$a978-88-7180-719-5$9(OLS)http://pul/number/148951 996 $6082$a174$9(OLS)http://pul/classification/425 996 $6245$aBioetica come storia :$bcome cambia il modo di affrontare le questioni bioetiche nel tempo$9(OLS)http://pul/title/161320 996 $6260$aTorino :$bLindau$9(OLS)http://pul/publisher/70945 LEADER 00945nam a2200229 a 4500 001 000000151406 003 CaOOAMICUS 005 20160426162302.0 008 160426s1906 it 000 u ita r 032 $aLibriCat 040 $aPUL$bita 100 1 $aCalò, Giovanni,$d1882-1970.$0(OLS)http://pul/name/5735 245 12$aL'individualismo etico nel secolo XIX /$cGiovanni Calò. 260 $aNapoli :$bTessitore & C.i,$c1906. 300 $aXXI, 367 p. ;$c23 cm. 504 $aBibliografia in nota a piè pagina. 650 4$aIndividualismo etico$ySec. XIX.$0(OLS)http://pul/subject/43341 850 $aPUL 852 $aPUL$W1$xDP1 Cons. Gen., Altre Classi 1$y22$m921 E 17$j173953$qStampati$B176388$CPULBib$Z2$F176388 $H14489 $81 996 $6245$aL'individualismo etico nel secolo XIX$9(OLS)http://pul/title/190652 996 $6260$aNapoli :$bTessitore & C.i$9(OLS)http://pul/publisher/84887